International journal of psychology research

Bibliographic Details
Format: Electronic Journal
Language:English
Published: Commack, N.Y. : Nova Science, c1996-
Subjects:
Online Access:Full text available from Research Library: 01/01/2012 to 10/31/2017

MARC

LEADER 00000nas a2200000 a 4500
001 ssj0001454275
003 WaSeSS
005 20200512172242.0
006 m d
007 cr n
008 970310d19962017nyuqr p s a 0 a0eng c
010 |a  98660076   |z sn 97032491   |z sn 98007917  
016 7 |a 9889935  |2 DNLM 
016 7 |a SR0085483  |2 DNLM 
022 |l 1932-6092  |y 1932-6092 
035 |a (WaSeSS)ssj0001454275 
037 |b Nova Science Publishers, Inc., 6080 Jericho Turnpike, Suite 207, Commack, NY 11725 
040 |a HLS  |b eng  |c HLS  |d DLC  |d NSD  |d SYS  |d DLC  |d NLM  |d DLC  |d NSD  |d DLC  |d GEBAY  |d OCLCQ  |d OCLCO  |d OCLCF  |d OCLCO  |d DLC  |d WaSeSS 
042 |a pcc  |a nsdp 
050 0 0 |a BF1  |b .I453 
082 1 0 |a 150  |2 13 
210 0 |a Int. j. psychol. res. 
222 0 |a International journal of psychology research 
245 0 0 |a International journal of psychology research  |h [electronic resource]. 
246 3 0 |a Journal of psychology research 
260 |a Commack, N.Y. :  |b Nova Science,  |c c1996- 
310 |a Quarterly 
362 0 |a Vol. 1, no. 1 (1996)- 
362 1 |a Ceased in Dec. 2017. 
500 |a Title from cover. 
500 |a None published 1997-2005. 
506 |a License restrictions may limit access. 
515 |a Numbering restarted in 2006 with: vol. 1, issue 1. 
515 |a Vol. 2, issue 1 (2007) erroneously called vol. 1, issue 1 (2007). 
588 |a Latest issue consulted: Vol. 2, issue 1 (2007). 
650 0 |a Psychology  |v Periodicals. 
650 0 7 |a Psychologie.  |2 swd 
650 0 7 |a Zeitschrift.  |2 swd 
650 7 |a Psychology.  |2 fast  |0 (OCoLC)fst01081447 
655 0 |a Electronic journals. 
850 |a DLC  |a MH 
853 0 0 |8 1  |a v.  |b no.  |i (year) 
856 4 0 |z Full text available from Research Library: 01/01/2012 to 10/31/2017  |u https://search.proquest.com/publication/2034860 
863 4 1 |8 1  |a <1>  |b <1>  |i <1996>  |x provisional